000 00538nam a2200217Ia 4500
008 210210b2014 xxu||||| |||| 00| 0 eng d
041 _aeng
082 _a371.33 MILM
100 _aMILLER (Michelle D)
245 _aMinds online: teaching effectively with technology
260 _aCambridge
_bHarvard University Press
_c2014
300 _axiv,279
650 _awith
650 _atechnology
650 _ateaching
650 _aonline:
650 _aMinds
650 _aeffectively
690 _aEducation
906 _a074494
999 _c126086
_d126086